01909nam a2200433 a 4500003000900000005001700009008004100026020001800067040001300085245004400098260027100142300003600413490014400449500026300593500004200856610005800898650003100956650002700987650001301014650002601027650001301053650001101066650001401077651001301091653004201104653003101146653002701177653002801204653002501232653002401257700002901281700002101310700002001331700001901351700002301370700001601393700003101409700003501440AR-BaBNM20251128210605.0082120s2002 ||||||||||||||000 | spa|| a84-369-2994-2 cAR-BaBNM00aLa litosferabrocas y minerales, suelos aMadridbMinisterio de Educacion y Ciencia (España)bMinisterio de Cultura y Educación (Argentina)bMinisterio de Educación (Cuba)bMinisterio de Educación (Venezuela)bUniversidad Nacional de Educación a DistanciabUniversidad Autónoma de Barcelonac1997 a100 p.btablas, gráfs.evideo 0aCurso de formación de profesores de ciencias. V Estudio de algunos sistemas materiales: la tierra como medio físico de la bioferavv. 4 aEste material forma parte del curso de enseñanza a distancia para la Televisión Educativa Iberoamericana. Se compone de 28 unidades didácticas que constan de un material impreso y de un programa audiovisual. Solicitar en MEDIATECA videos de Forciencias aContiene referencias bibliográficas24aAsociación de Televisión Educativa Iberoamericana 4aACTIVIDADES DE APRENDIZAJE 4aMETODOS DE ENSEÑANZA 4aBIOSFERA 4aCIENCIAS DE LA TIERRA 4aGEOLOGIA 4aSUELOS 4aMINERALES 4aEspaña aENSEÑANZA DE LAS CIENCIAS NATURALES aFORMACION DOCENTE CONTINUA aTERCER CICLO DE LA EGB aSEGUNDO CICLO DE LA EGB aEDUCACION SECUNDARIA aUNIDADES DIDACTICAS1 aAssenza Parisi, Graciela1 aLacreu, Héctor1 aRela, Agustín1 aSalinas, Julia1 aSargorodoschi, Ana1 aThiel, Inge1 aBulwik, Martaecoordinador1 aPerazzo, Mónicaecoordinador